[Event "August op"]
[Site "Edmonton CAN"]
[Date "2002.08.22"]
[Round "4"]
[White "Wihnon, Jason"]
[Black "Scornaiencki, Carmen"]
[Result "1-0"]
[WhiteElo "1802"]
[BlackElo "1374"]
[PlyCount "57"]
[EventDate "2002.08.01"]
[EventType "swiss"]
[EventRounds "5"]
[EventCountry "CAN"]

1. e4 c5 2. Nf3 d6 3. d4 Nc6 4. Bb5 Bd7 5. O-O g6 6. Nc3 Bg7 7. Be3 Qb6 8. dxc5
dxc5 9. Nd5 Qa5 10. Bxc5 e6 11. Re1 O-O-O 12. b4 Qxb5 13. a4 Qc4 14. Nd2 Qxc5
15. bxc5 Bxa1 16. Qxa1 Nge7 17. Nxe7+ Nxe7 18. Nc4 Nc6 19. Nd6+ Kc7 20. Nxf7
Rhf8 21. Nxd8 Rxd8 22. Rd1 e5 23. Qc3 h5 24. Qg3 Nd4 25. Qxe5+ Kc6 26. Qd5+ Kc7
27. Qd6+ Kc8 28. Rxd4 a6 29. e5 1-0

[Event "August op"]
[Site "Edmonton CAN"]
[Date "2002.08.29"]
[Round "5"]
[White "Wihnon, Jason"]
[Black "Culjaga, Nikolai"]
[Result "1/2-1/2"]
[WhiteElo "1852"]
[BlackElo "1776"]
[PlyCount "45"]
[EventDate "2002.08.01"]
[EventType "swiss"]
[EventRounds "5"]
[EventCountry "CAN"]

1. e4 c5 2. Nf3 d6 3. Bb5+ Bd7 4. Bxd7+ Nxd7 5. O-O Ngf6 6. Re1 Qc7 7. c3 e6 8.
d4 cxd4 9. cxd4 Rc8 10. Nc3 a6 11. e5 dxe5 12. Nxe5 Bb4 13. Bf4 Qa5 14. Nxd7
Nxd7 15. Qg4 Kf8 16. Rac1 Bxc3 17. Bd6+ Kg8 18. Rxe6 h5 19. Qe2 fxe6 20. Qxe6+
Kh7 21. Qe4+ Kg8 22. Qe6+ Kh7 23. Qe4+ 1/2-1/2

[Event "Autumn Knights"]
[Site "Montreal CAN"]
[Date "2002.10.16"]
[Round "1"]
[White "Ibrahim, Anthony"]
[Black "Bolduc, Steve"]
[Result "1-0"]
[WhiteElo "2162"]
[BlackElo "2212"]
[PlyCount "135"]
[EventDate "2002.10.16"]
[EventType "tourn"]
[EventRounds "9"]
[EventCountry "CAN"]

1. e4 c6 2. d4 d5 3. e5 Bf5 4. Nc3 e6 5. g4 Bg6 6. Nge2 Be7 7. Nf4 Nd7 8. Nxg6
hxg6 9. Be3 Qb6 10. Qd2 Qxb2 11. Rb1 Qa3 12. Rb3 Qa5 13. Be2 b5 14. O-O Nb6 15.
Rfb1 Nc4 16. Qc1 Ba3 17. Qe1 Ne7 18. Bc1 Bxc1 19. Qxc1 Qb6 20. Qd1 g5 21. Na4
Qa5 22. Nc5 Qd2 23. Na6 Qxd1+ 24. Rxd1 O-O 25. Bd3 g6 26. a4 bxa4 27. Rb7 Nc8
28. Bxc4 dxc4 29. Nc7 Nb6 30. Nxa8 Rxa8 31. Ra1 c3 32. Rc7 Rd8 33. Rd1 Nc4 34.
Rxc6 Nb2 35. Rb1 Rxd4 36. Rxc3 Nc4 37. Rb4 Rd1+ 38. Kg2 a3 39. Ra4 Nxe5 40.
Rcxa3 Rd2 41. Rc3 Rd7 42. h3 Rb7 43. Rc5 f6 44. Ra6 Re7 45. Rca5 Rc7 46. Rxa7
Rxc2 47. Re7 Rc8 48. Rxe6 Rf8 49. Raxe5 fxe5 50. Rxg6+ Kf7 51. Rxg5 Re8 52. Kf3
e4+ 53. Kf4 Kf6 54. Rf5+ Kg6 55. h4 Re7 56. Ke3 Re8 57. Rf4 Rh8 58. h5+ Kg5 59.
Rxe4 Ra8 60. Kf3 Ra3+ 61. Re3 Ra4 62. Re5+ Kh4 63. h6 Ra3+ 64. Kf4 Ra4+ 65. Kf5
Ra8 66. h7 Kh3 67. g5 Kh4 68. g6 1-0

[Event "Autumn Knights"]
[Site "Montreal CAN"]
[Date "2002.10.16"]
[Round "1"]
[White "Kleinplatz, Sam"]
[Black "Soudre, Nicolas"]
[Result "1-0"]
[WhiteElo "2316"]
[BlackElo "2143"]
[PlyCount "64"]
[EventDate "2002.10.16"]
[EventType "tourn"]
[EventRounds "9"]
[EventCountry "CAN"]

1. c4 e5 2. Nc3 Bb4 3. Qc2 Nc6 4. Nf3 d6 5. g3 Nge7 6. Bg2 O-O 7. O-O f5 8. a3
Bc5 9. b4 Bb6 10. Nd5 e4 11. Ne1 Nxd5 12. cxd5 Ne5 13. Qd1 f4 14. Bxe4 Bg4 15.
Nf3 Nxf3+ 16. exf3 Bh3 17. Bb2 fxg3 18. hxg3 Qg5 19. d4 Bxf1 20. Qxf1 Qf6 21.
Qh3 g6 22. Rd1 Rae8 23. Rd2 a5 24. Bc3 axb4 25. axb4 Ra8 26. Qf1 Qg5 27. Rc2
Ra3 28. Bb2 Ra2 29. Bc1 Ra1 30. Bxg5 Rxf1+ 31. Kxf1 Ra8 32. Ke2 Kf7 1-0

[Event "Autumn Knights"]
[Site "Montreal CAN"]
[Date "2002.10.16"]
[Round "1"]
[White "Tomb, Maroun"]
[Black "Gagnon, Michel"]
[Result "0-1"]
[WhiteElo "2197"]
[BlackElo "2293"]
[PlyCount "78"]
[EventDate "2002.10.16"]
[EventType "tourn"]
[EventRounds "9"]
[EventCountry "CAN"]

1. c4 e5 2. d3 Nc6 3. g3 g6 4. Nc3 Bg7 5. Bg2 Nge7 6. e3 O-O 7. Nge2 d6 8. b3
Be6 9. Nd5 Qd7 10. Bb2 Rac8 11. O-O Rfe8 12. Nec3 Bh3 13. Nxe7+ Rxe7 14. Nd5
Ree8 15. f4 Bxg2 16. Kxg2 f5 17. Qd2 Nd8 18. e4 c6 19. Ne3 exf4 20. Rxf4 Ne6
21. Rf2 fxe4 22. Bxg7 Nxg7 23. Raf1 exd3 24. h3 h5 25. Nd1 Qe6 26. Qxd3 d5 27.
Nc3 dxc4 28. bxc4 Rcd8 29. Qb1 Nf5 30. Re2 Qxc4 31. Rxe8+ Rxe8 32. Rc1 Re3 33.
Qb3 Qxb3 34. axb3 Rxg3+ 35. Kh2 Re3 36. b4 Nd4 37. Na4 Re2+ 38. Kg3 Ra2 39. Nc5
Ne2+ 0-1

[Event "Autumn Knights"]
[Site "Montreal CAN"]
[Date "2002.10.23"]
[Round "2"]
[White "Bolduc, Steve"]
[Black "Tomb, Maroun"]
[Result "1-0"]
[WhiteElo "2212"]
[BlackElo "2210"]
[PlyCount "80"]
[EventDate "2002.10.16"]
[EventType "tourn"]
[EventRounds "9"]
[EventCountry "CAN"]

1. Nf3 d6 2. d4 Nf6 3. c4 Nbd7 4. Nc3 e5 5. g3 Be7 6. Bg2 O-O 7. O-O c6 8. e4
a6 9. d5 Nc5 10. Ne1 a5 11. b3 Ne8 12. Nd3 Nxd3 13. Qxd3 c5 14. f4 g6 15. Be3
Bf6 16. f5 Ng7 17. g4 h5 18. h3 Bg5 19. Rf2 Bd7 20. a4 Bf4 21. Ne2 g5 22. Bf3
h4 23. Nxf4 exf4 24. e5 dxe5 25. Bxc5 Re8 26. Be4 Qf6 27. Rc1 Rac8 28. Ba3 b6
29. Rfc2 Red8 30. Re1 Qh6 31. Bf3 f6 32. c5 bxc5 33. Rxc5 Rxc5 34. Bxc5 Ne8 35.
Be7 Rc8 36. d6 Qg7 37. Bd5+ Kh7 38. Be6 e4 39. Qxe4 Bc6 40. Qc4 Bd7 1-0

[Event "Autumn Knights"]
[Site "Montreal CAN"]
[Date "2002.10.23"]
[Round "2"]
[White "Khassanov, Marat"]
[Black "Ibrahim, Anthony"]
[Result "1/2-1/2"]
[WhiteElo "2366"]
[BlackElo "2162"]
[PlyCount "64"]
[EventDate "2002.10.16"]
[EventType "tourn"]
[EventRounds "9"]
[EventCountry "CAN"]

1. e4 c5 2. Nf3 Nc6 3. d4 cxd4 4. Nxd4 Nf6 5. Nc3 e5 6. Ndb5 d6 7. Nd5 Nxd5 8.
exd5 Nb8 9. c4 Be7 10. Bd3 a6 11. Nc3 O-O 12. O-O f5 13. f3 Nd7 14. Kh1 Nc5 15.
Bc2 a5 16. Be3 b6 17. a3 Bg5 18. Bg1 Nd7 19. Nb5 Nf6 20. b4 Nh5 21. g3 g6 22.
Bd3 Bb7 23. Qe2 Nf6 24. f4 Bh6 25. fxe5 dxe5 26. Nc3 axb4 27. axb4 Rxa1 28.
Rxa1 Nxd5 29. cxd5 Bxd5+ 30. Be4 Bxe4+ 31. Nxe4 fxe4 32. Qxe4 Qf6 1/2-1/2

[Event "Autumn Knights"]
[Site "Montreal CAN"]
[Date "2002.10.30"]
[Round "3"]
[White "Chabot, Roland"]
[Black "Bolduc, Steve"]
[Result "0-1"]
[WhiteElo "2222"]
[BlackElo "2212"]
[PlyCount "106"]
[EventDate "2002.10.16"]
[EventType "tourn"]
[EventRounds "9"]
[EventCountry "CAN"]

1. d4 Nf6 2. c4 g6 3. Nc3 d5 4. Nf3 Bg7 5. Bg5 Ne4 6. cxd5 Nxg5 7. Nxg5 e6 8.
Nf3 exd5 9. e3 O-O 10. b4 c6 11. Be2 b6 12. O-O a5 13. b5 c5 14. Rc1 Bb7 15.
Na4 c4 16. Nd2 f5 17. g3 Nd7 18. Bf3 Ra7 19. Bg2 Ba8 20. Nf3 Qe7 21. Qc2 Qd6
22. Nc3 Re8 23. a4 Nf6 24. Ne5 Ng4 25. Nf3 Rae7 26. Ne2 Nf6 27. Nf4 Ne4 28.
Rfe1 Bb7 29. Bf1 g5 30. Ng2 h6 31. Nd2 Bc8 32. f3 Nxd2 33. Qxd2 Qb4 34. Qd1 Kh8
35. Rb1 Qa3 36. Ra1 Qd6 37. f4 Re4 38. Be2 gxf4 39. gxf4 Rxe3 40. Nxe3 Rxe3 41.
Bf3 Rxe1+ 42. Qxe1 Bxd4+ 43. Kh1 Be6 44. Rd1 Bg7 45. Qh4 d4 46. Re1 d3 47. Rxe6
Qxe6 48. Qd8+ Kh7 49. Bd5 Qe1+ 50. Kg2 Qe2+ 51. Kg3 Qg4+ 52. Kf2 Bd4+ 53. Ke1
Qe2# 0-1

[Event "Autumn Knights"]
[Site "Montreal CAN"]
[Date "2002.10.30"]
[Round "3"]
[White "Ibrahim, Anthony"]
[Black "Kleinplatz, Sam"]
[Result "0-1"]
[WhiteElo "2162"]
[BlackElo "2316"]
[PlyCount "108"]
[EventDate "2002.10.16"]
[EventType "tourn"]
[EventRounds "9"]
[EventCountry "CAN"]

1. e4 d5 2. exd5 Nf6 3. c4 c6 4. d4 cxd5 5. Nc3 g6 6. Nf3 Bg7 7. Qb3 O-O 8.
cxd5 Nbd7 9. Be2 Nb6 10. O-O Nfxd5 11. Nxd5 Qxd5 12. Qxd5 Nxd5 13. Bd2 Bg4 14.
Rac1 Rfd8 15. Be3 Rac8 16. h3 Be6 17. Bd2 Nb6 18. b3 Bxd4 19. Nxd4 Rxd4 20. Be3
Rdd8 21. Bxb6 axb6 22. Bf3 Rxc1 23. Rxc1 Rd2 24. Rc7 Rxa2 25. Rxe7 Rb2 26. Rxb7
Rxb3 27. Bc6 Bc4 28. Rd7 Be6 29. Rd2 Kf8 30. f3 Ke7 31. Kf2 h5 32. h4 Rb4 33.
g3 Rb1 34. Be4 Rb3 35. Rd3 Rxd3 36. Bxd3 Kd6 37. Ke3 Ke5 38. f4+ Kd5 39. Be2
Bf5 40. Bb5 Kc5 41. Be8 f6 42. Bf7 b5 43. Bg8 Bc2 44. Bf7 Bb1 45. Be6 Bf5 46.
Bf7 Kb4 47. Be8 Kc4 48. Kd2 b4 49. Bf7+ Kd4 50. Bb3 Ke4 51. Bd1 Bg4 52. Bc2+
Kf3 53. Bxg6 Kxg3 54. Ke3 Kxh4 0-1

[Event "Autumn Knights"]
[Site "Montreal CAN"]
[Date "2002.10.30"]
[Round "3"]
[White "Tomb, Maroun"]
[Black "Khassanov, Marat"]
[Result "1/2-1/2"]
[WhiteElo "2210"]
[BlackElo "2366"]
[PlyCount "164"]
[EventDate "2002.10.16"]
[EventType "tourn"]
[EventRounds "9"]
[EventCountry "CAN"]

1. d4 Nf6 2. c4 g6 3. Nc3 d5 4. cxd5 Nxd5 5. e4 Nxc3 6. bxc3 Bg7 7. Be3 O-O 8.
Bc4 b6 9. Ne2 Bb7 10. Qd3 Nc6 11. O-O Na5 12. Ba6 Bxa6 13. Qxa6 Qd7 14. Qd3 c5
15. Rad1 cxd4 16. cxd4 Rac8 17. d5 Qa4 18. Bg5 Rfe8 19. Nd4 Qxa2 20. Nb5 Nc4
21. Qg3 a6 22. Nc7 Be5 23. Bf4 Bxc7 24. Bxc7 Nd2 25. Rfe1 Nxe4 26. Rxe4 Qc2 27.
Rde1 Rxc7 28. h4 Rd7 29. h5 Rxd5 30. h6 e6 31. Qa3 Rf5 32. R4e2 Qc7 33. Qa1 e5
34. Qxa6 Rh5 35. Qb5 Kf8 36. Qb2 Qd6 37. Qc1 Qf6 38. Re4 Rf5 39. Qe3 Re6 40.
Ra1 Re8 41. Rb4 Rh5 42. Rab1 b5 43. Qc5+ Qe7 44. Qe3 Rd8 45. f3 Rh4 46. Rxh4
Qxh4 47. Qxe5 Qd4+ 48. Qxd4 Rxd4 49. Rxb5 Rh4 50. Rb8+ Ke7 51. Rb7+ Kf6 52.
Rb6+ Kg5 53. Rb7 Rf4 54. Kf2 Kxh6 55. Kg3 Kg5 56. Rb5+ f5 57. Rb7 h5 58. Rb6
Ra4 59. Re6 h4+ 60. Kh3 Ra1 61. Kh2 Kh5 62. Re8 Ra6 63. Kh3 Kg5 64. Rh8 Ra4 65.
Rf8 Ra1 66. Kh2 Kf4 67. Rb8 Ra4 68. Rb6 g5 69. Rh6 Ke3 70. Rh5 Kf4 71. Rh6 Ra1
72. Rb6 g4 73. Rb4+ Kg5 74. fxg4 f4 75. Rb8 Kxg4 76. Rg8+ Kf5 77. Rf8+ Ke4 78.
Re8+ Kd4 79. Rh8 Ra2 80. Rxh4 Ke3 81. Rh3+ Ke4 82. Rb3 Ra1 1/2-1/2

[Event "Autumn Knights"]
[Site "Montreal CAN"]
[Date "2002.11.06"]
[Round "4"]
[White "Khassanov, Marat"]
[Black "Chabot, Roland"]
[Result "1/2-1/2"]
[WhiteElo "2370"]
[BlackElo "2222"]
[PlyCount "108"]
[EventDate "2002.10.16"]
[EventType "tourn"]
[EventRounds "9"]
[EventCountry "CAN"]

1. e4 e5 2. Nf3 Nc6 3. d4 exd4 4. Bc4 d6 5. Nxd4 Nf6 6. Nc3 Be7 7. Nxc6 bxc6 8.
O-O O-O 9. h3 Bb7 10. Qe2 Nd7 11. Be3 Qc8 12. f4 Nb6 13. Bd3 c5 14. Nd5 Nxd5
15. exd5 Bf6 16. c3 c6 17. dxc6 Qxc6 18. Bb5 Qe4 19. Rad1 a6 20. Bd7 Qe7 21.
Bg4 Rfe8 22. Rfe1 Qc7 23. Qf2 a5 24. Bf3 Bc6 25. Bc1 Rab8 26. Bd5 Qb7 27. Rxe8+
Rxe8 28. Re1 Rxe1+ 29. Qxe1 Kf8 30. Bxc6 Qxc6 31. Kh2 Qd5 32. Qd2 Qxd2 33. Bxd2
Ke7 34. b3 Ke6 35. c4 Bd8 36. Kg3 f5 37. Kf3 h5 38. Ke2 Kd7 39. Kd3 Kc6 40. Kc2
Kb6 41. Kb2 Bh4 42. Ka3 Ka6 43. Ka4 Bd8 44. Bc3 g6 45. Be1 Bc7 46. Bh4 Kb6 47.
Bf6 Kc6 48. Bc3 Bd8 49. a3 Bc7 50. b4 axb4 51. axb4 cxb4 52. Bxb4 Bb8 53. Ba5
Ba7 54. Bb4 Bc5 1/2-1/2

[Event "Autumn Knights"]
[Site "Montreal CAN"]
[Date "2002.11.06"]
[Round "4"]
[White "Kleinplatz, Sam"]
[Black "Tomb, Maroun"]
[Result "1-0"]
[WhiteElo "2316"]
[BlackElo "2210"]
[PlyCount "89"]
[EventDate "2002.10.16"]
[EventType "tourn"]
[EventRounds "9"]
[EventCountry "CAN"]

1. e4 Nc6 2. Nf3 d6 3. d4 Nf6 4. Nc3 Bg4 5. Bg5 e6 6. d5 Ne5 7. Bb5+ c6 8. dxc6
bxc6 9. Be2 Bxf3 10. Bxf3 Rb8 11. b3 d5 12. O-O Be7 13. Bf4 Nfd7 14. Re1 Rc8
15. exd5 Nxf3+ 16. Qxf3 cxd5 17. Nxd5 O-O 18. Nxe7+ Qxe7 19. c4 Rfe8 20. Qb7
Nf8 21. Qxe7 Rxe7 22. Rad1 Rb7 23. Rd6 f6 24. Red1 Kf7 25. Rd8 Rxd8 26. Rxd8
Rd7 27. Rxd7+ Nxd7 28. Kf1 e5 29. Be3 a6 30. Ke2 Ke6 31. Kd3 f5 32. f3 h6 33.
b4 Kd6 34. a4 g5 35. b5 axb5 36. cxb5 h5 37. a5 g4 38. a6 Kc7 39. Kc4 gxf3 40.
gxf3 Nf6 41. b6+ Kb8 42. Bc5 Nd7 43. Bd6+ Ka8 44. b7+ Ka7 45. Kd5 1-0

[Event "Autumn Knights"]
[Site "Montreal CAN"]
[Date "2002.11.13"]
[Round "5"]
[White "Chabot, Roland"]
[Black "Kleinplatz, Sam"]
[Result "1-0"]
[WhiteElo "2222"]
[BlackElo "2316"]
[PlyCount "81"]
[EventDate "2002.10.16"]
[EventType "tourn"]
[EventRounds "9"]
[EventCountry "CAN"]

1. d4 Nf6 2. c4 e5 3. dxe5 Ng4 4. Nf3 Nc6 5. Bg5 Be7 6. Bxe7 Qxe7 7. Nc3 Ncxe5
8. Nxe5 Nxe5 9. Nd5 Qd8 10. e3 O-O 11. Be2 a5 12. O-O Ra6 13. f4 Nc6 14. e4 Ne7
15. Qd2 Re8 16. Bd3 d6 17. Rae1 Ra8 18. Re3 Be6 19. f5 Bxd5 20. exd5 f6 21.
Rfe1 Qd7 22. Qe2 Kf8 23. Qh5 h6 24. Re6 Ng8 25. Qh4 Re7 26. Be2 Qa4 27. Bd1 Qd7
28. Bh5 b5 29. h3 bxc4 30. Qxc4 Rb8 31. b3 Rb4 32. Qa6 Rb8 33. Qxa5 Qb5 34. Qd2
c6 35. Bf3 Rxe6 36. Rxe6 Ne7 37. dxc6 d5 38. Qe3 Qb6 39. Kh1 d4 40. Qe4 Rc8 41.
Rxe7 1-0

[Event "Autumn Knights"]
[Site "Montreal CAN"]
[Date "2002.11.13"]
[Round "5"]
[White "Ibrahim, Anthony"]
[Black "Soudre, Nicolas"]
[Result "1/2-1/2"]
[WhiteElo "2162"]
[BlackElo "2143"]
[PlyCount "79"]
[EventDate "2002.10.16"]
[EventType "tourn"]
[EventRounds "9"]
[EventCountry "CAN"]

1. c4 e5 2. Nc3 Bb4 3. Nd5 Bc5 4. e3 c6 5. Nc3 d5 6. d4 exd4 7. exd4 Bb4 8. Nf3
Nf6 9. Bd3 Qe7+ 10. Ne5 Bg4 11. f3 dxc4 12. Bxc4 Be6 13. O-O Bxc4 14. Nxc4 O-O
15. Bg5 Nbd7 16. Re1 Qd8 17. Qb3 Nb6 18. Nxb6 Qxb6 19. Bxf6 gxf6 20. Re4 Rad8
21. Rd1 f5 22. Rf4 c5 23. Nd5 Qe6 24. Rxf5 Kh8 25. Re5 Qd6 26. Nxb4 cxb4 27.
Rb5 a5 28. Rxb7 Qf4 29. d5 Rfe8 30. Qd3 Re5 31. Rb5 Rde8 32. g3 Qf6 33. Rd2
Re1+ 34. Kg2 R8e3 35. Qd4 R3e2+ 36. Kh3 Re5 37. Rb8+ Kg7 38. Qg4+ Rg5 39. Qd4
Rh5+ 40. Kg4 1/2-1/2

[Event "Autumn Knights"]
[Site "Montreal CAN"]
[Date "2002.11.20"]
[Round "6"]
[White "Ibrahim, Anthony"]
[Black "Tomb, Maroun"]
[Result "1-0"]
[WhiteElo "2162"]
[BlackElo "2210"]
[PlyCount "61"]
[EventDate "2002.10.16"]
[EventType "tourn"]
[EventRounds "9"]
[EventCountry "CAN"]

1. e4 c5 2. Nf3 Nc6 3. Bb5 g6 4. O-O Bg7 5. c3 d6 6. d4 Bd7 7. Re1 e5 8. dxc5
dxc5 9. Be3 Qe7 10. Na3 a6 11. Nc4 axb5 12. Nd6+ Kd8 13. Bxc5 Qf6 14. Qb3 Na5
15. Qb4 Kc7 16. Rad1 b6 17. Nxb5+ Bxb5 18. Qxb5 Qc6 19. Bxb6+ Kc8 20. Rd8+ Kb7
21. Rd7+ Kb8 22. Qxc6 Nxc6 23. Rxf7 Bf6 24. a3 Ra6 25. Bc5 Kc8 26. Rd1 Nce7 27.
Bd6 Nc6 28. Rc7+ Kd8 29. Bxe5+ Ke8 30. Bxf6 Nxf6 31. Rc8+ 1-0

[Event "Autumn Knights"]
[Site "Montreal CAN"]
[Date "2002.11.20"]
[Round "6"]
[White "Soudre, Nicolas"]
[Black "Bolduc, Steve"]
[Result "0-1"]
[WhiteElo "2143"]
[BlackElo "2212"]
[PlyCount "132"]
[EventDate "2002.10.16"]
[EventType "tourn"]
[EventRounds "9"]
[EventCountry "CAN"]

1. e4 c5 2. Nc3 Nc6 3. f4 g6 4. Nf3 Bg7 5. Bb5 Nd4 6. Bd3 d6 7. Nxd4 cxd4 8.
Ne2 Qb6 9. c3 dxc3 10. bxc3 Nf6 11. Bc2 O-O 12. d4 e5 13. Be3 Re8 14. fxe5 dxe5
15. Rb1 Qa5 16. d5 Ng4 17. Bg1 f5 18. d6 Rd8 19. Ba4 Nf6 20. Rb5 Qa6 21. Rxe5
Qxd6 22. Qxd6 Rxd6 23. Bc5 Rd8 24. Be7 Rd3 25. Bb3+ Kh8 26. Bxf6 Bxf6 27. Re8+
Kg7 28. e5 Bg5 29. h4 Rd8 30. Rxd8 Bxd8 31. Nd4 Bd7 32. h5 Bc7 33. hxg6 hxg6
34. e6 Re8 35. Kf2 Bc8 36. Re1 Kf6 37. Bd5 Bb6 38. Kf3 Bxd4 39. cxd4 Bxe6 40.
Kg3 Re7 41. Bf3 Rd7 42. Rd1 Bd5 43. Rd2 Bxf3 44. Kxf3 Ke6 45. Ke3 Kd5 46. Kd3
Rd6 47. Rb2 Rb6 48. Rc2 Ra6 49. Rc5+ Kd6 50. g4 Ra3+ 51. Kc4 b6 52. Rd5+ Ke6
53. Re5+ Kf6 54. gxf5 gxf5 55. Re2 f4 56. Kd5 f3 57. Rf2 Kf5 58. Kc6 Ke4 59. d5
Ke3 60. Rh2 Rc3+ 61. Kb7 Rd3 62. Kxa7 Rxd5 63. Kxb6 Rd2 64. Rh8 Rxa2 65. Re8+
Kd2 66. Rd8+ Ke1 0-1

[Event "Autumn Knights"]
[Site "Montreal CAN"]
[Date "2002.11.27"]
[Round "7"]
[White "Bolduc, Steve"]
[Black "Khassanov, Marat"]
[Result "1/2-1/2"]
[WhiteElo "2212"]
[BlackElo "2366"]
[PlyCount "40"]
[EventDate "2002.10.16"]
[EventType "tourn"]
[EventRounds "9"]
[EventCountry "CAN"]

1. d4 Nf6 2. Nf3 g6 3. c4 Bg7 4. g3 O-O 5. Bg2 d6 6. O-O Nbd7 7. Nc3 e5 8. e4
c6 9. h3 Qb6 10. d5 cxd5 11. cxd5 Nc5 12. Qe2 Bd7 13. Nd2 Rfc8 14. Rb1 a5 15.
b3 Qa6 16. Qxa6 Rxa6 17. a4 Rb6 18. Ne2 Ra6 19. Nc3 Rb6 20. Ne2 Ra6 1/2-1/2

[Event "Autumn Knights"]
[Site "Montreal CAN"]
[Date "2002.11.27"]
[Round "7"]
[White "Chabot, Roland"]
[Black "Ibrahim, Anthony"]
[Result "1/2-1/2"]
[WhiteElo "2222"]
[BlackElo "2162"]
[PlyCount "58"]
[EventDate "2002.10.16"]
[EventType "tourn"]
[EventRounds "9"]
[EventCountry "CAN"]

1. d4 Nf6 2. c4 e6 3. Nc3 Bb4 4. e3 O-O 5. Nge2 b6 6. a3 Be7 7. e4 d6 8. Ng3 c5
9. d5 exd5 10. exd5 Nbd7 11. Be2 Ne5 12. h3 Ne8 13. O-O f5 14. f4 Ng6 15. Bd3
Bh4 16. Nge2 Bd7 17. Qc2 Nc7 18. Bd2 a6 19. b3 b5 20. Nd1 a5 21. Ne3 Ne7 22.
cxb5 Bxb5 23. Bxb5 Nxb5 24. Qd3 Qe8 25. Nc4 Bf6 26. Rad1 Nd4 27. Nxd4 Bxd4+ 28.
Be3 Bxe3+ 29. Qxe3 Nc8 1/2-1/2

[Event "Autumn Knights"]
[Site "Montreal CAN"]
[Date "2002.11.27"]
[Round "7"]
[White "Tomb, Maroun"]
[Black "Soudre, Nicolas"]
[Result "1/2-1/2"]
[WhiteElo "2110"]
[BlackElo "2143"]
[PlyCount "108"]
[EventDate "2002.10.16"]
[EventType "tourn"]
[EventRounds "9"]
[EventCountry "CAN"]

1. e4 e6 2. d4 d5 3. Nd2 Nf6 4. e5 Nfd7 5. c3 c5 6. f4 Nc6 7. Ndf3 cxd4 8. cxd4
Bb4+ 9. Bd2 Qb6 10. Bxb4 Qxb4+ 11. Qd2 Qxd2+ 12. Kxd2 f6 13. Ne2 fxe5 14. fxe5
Nb6 15. Nc3 a6 16. b3 Bd7 17. Rc1 Rc8 18. Bd3 O-O 19. Ke3 Ne7 20. g4 h6 21. h4
g6 22. a4 Kg7 23. Rhg1 Nc6 24. Ne2 Rf7 25. Nd2 Rcf8 26. Rcf1 Rxf1 27. Nxf1 Nc8
28. Nd2 N8e7 29. Nf3 Nb4 30. Bb1 b5 31. axb5 axb5 32. Nd2 Nbc6 33. Nf4 Nxd4 34.
Nxd5 exd5 35. Kxd4 Rf2 36. Ke3 Rh2 37. Nf3 Rb2 38. Nd4 Nc6 39. e6 Nxd4 40. exd7
Ne6 41. Rc1 Rxb3+ 42. Bd3 Kf7 43. Rc6 Nd8 44. Rd6 Ra3 45. Rxd5 Ke6 46. Rd4 b4
47. Kf4 Ke7 48. Rd5 Ra7 49. Bxg6 Rxd7 50. Re5+ Kf6 51. Be4 Ne6+ 52. Rxe6+ Kxe6
53. Bf5+ Kd6 54. Bxd7 Kxd7 1/2-1/2

[Event "Autumn Knights"]
[Site "Montreal CAN"]
[Date "2002.12.04"]
[Round "8"]
[White "Kleinplatz, Sam"]
[Black "Bolduc, Steve"]
[Result "0-1"]
[WhiteElo "2316"]
[BlackElo "2212"]
[PlyCount "150"]
[EventDate "2002.10.16"]
[EventType "tourn"]
[EventRounds "9"]
[EventCountry "CAN"]

1. g3 Nf6 2. Bg2 d5 3. Nf3 Bg4 4. Ne5 Bh5 5. c4 c6 6. Qb3 Qb6 7. cxd5 Qxb3 8.
axb3 Nxd5 9. Nc3 e6 10. g4 Bg6 11. d3 Nd7 12. Nxg6 hxg6 13. Nxd5 exd5 14. O-O
Bd6 15. h3 a6 16. Be3 O-O 17. Rac1 Rae8 18. Rc2 f5 19. g5 Re7 20. Ra1 Rfe8 21.
Kf1 Nf8 22. Ra4 Ne6 23. h4 Kf7 24. Bh3 Rh8 25. f3 a5 26. Rxa5 Rxh4 27. Bg2 Rb4
28. Ra4 Rxb3 29. f4 Nxg5 30. Bc5 Bxc5 31. Rxc5 Ne6 32. Rc2 d4 33. Kf2 Rd7 34.
Kg3 g5 35. fxg5 Nxg5 36. Kf4 Kf6 37. Ra8 Ne6+ 38. Kg3 Rd8 39. Ra7 g5 40. Kf2 g4
41. Ra1 Rh8 42. Ra3 Rb5 43. Ra4 f4 44. Ra7 Ke5 45. Kg1 Ng5 46. Ra1 Re8 47. Rac1
Kf5 48. Rc5+ Re5 49. R5c2 Re7 50. Kf2 Rbe5 51. Rc5 Rxc5 52. Rxc5+ Re5 53. Rc4
Rb5 54. Rc2 c5 55. Bd5 b6 56. Bc6 Ra5 57. b4 g3+ 58. Kg2 cxb4 59. Bd7+ Ke5 60.
Rb2 Ra7 61. Bg4 Rh7 62. Rxb4 Rh2+ 63. Kg1 Nh3+ 64. Bxh3 Rxh3 65. Rb5+ Kd6 66.
Rxb6+ Kc5 67. Rb8 Rh2 68. Rc8+ Kb6 69. Re8 Rf2 70. Re5 Kc6 71. Re8 f3 72. exf3
Rxf3 73. Re5 Rxd3 74. Kf1 Re3 75. Rg5 d3 0-1

[Event "Autumn Knights"]
[Site "Montreal CAN"]
[Date "2002.12.04"]
[Round "8"]
[White "Tomb, Maroun"]
[Black "Chabot, Roland"]
[Result "0-1"]
[WhiteElo "2210"]
[BlackElo "2222"]
[PlyCount "118"]
[EventDate "2002.10.16"]
[EventType "tourn"]
[EventRounds "9"]
[EventCountry "CAN"]

1. c4 e5 2. a3 d6 3. g3 f5 4. Nc3 Nf6 5. Bg2 Be7 6. e3 O-O 7. Nge2 Qe8 8. d3
Kh8 9. b3 c6 10. Bb2 Na6 11. Qd2 Nc5 12. Qc2 Be6 13. d4 Na6 14. f4 e4 15. h3 d5
16. c5 Nc7 17. Kf2 h5 18. b4 h4 19. Rag1 hxg3+ 20. Nxg3 Nh5 21. Nxh5 Qxh5 22.
h4 Bxh4+ 23. Kf1 Rf6 24. Rxh4 Qxh4 25. Rh1 Qxh1+ 26. Bxh1 Rh6 27. Bg2 Rf8 28.
Ne2 Rff6 29. Ng1 Rh2 30. Nh3 Rh6 31. Ng5 Kg8 32. a4 Bf7 33. Bc3 Bh5 34. Qb3
Be2+ 35. Kg1 Bc4 36. Qd1 Kf8 37. Be1 Ke7 38. Bg3 R2h5 39. Kf2 Ne8 40. Qg1 Nf6
41. Ke1 Rh8 42. Kd2 a6 43. Kc3 g6 44. Be1 Ng4 45. Bd2 Nf6 46. Qf2 Rb8 47. Bf1
Ng4 48. Qg1 Bxf1 49. Qxf1 Rbh8 50. Qb1 Rh1 51. Qb3 Ra8 52. Qc2 Nf2 53. Kb3 Nd3
54. Kc3 Rah8 55. Qb3 Ra1 56. Nh3 Rxh3 57. b5 Rh2 58. bxc6 bxc6 59. Qb7+ Kf8 0-1

[Event "Autumn Knights"]
[Site "Montreal CAN"]
[Date "2002.11.28"]
[Round "9"]
[White "Khassanov, Marat"]
[Black "Kleinplatz, Sam"]
[Result "0-1"]
[WhiteElo "2366"]
[BlackElo "2316"]
[PlyCount "66"]
[EventDate "2002.10.16"]
[EventType "tourn"]
[EventRounds "9"]
[EventCountry "CAN"]

1. e4 d5 2. exd5 Nf6 3. h3 Nxd5 4. d4 g6 5. Nf3 Bg7 6. c4 Nb6 7. Nc3 O-O 8. Be3
Nc6 9. Rc1 e5 10. d5 Nd4 11. Nxd4 exd4 12. Bxd4 Qg5 13. Be3 Re8 14. Qf3 c6 15.
Be2 Qh4 16. O-O Bd7 17. Rfd1 Rac8 18. Bf1 Nxc4 19. Bxc4 Qxc4 20. d6 Qb4 21. Rd2
Re6 22. Bg5 Rce8 23. Be7 Bh6 24. Rcd1 Bxd2 25. Rxd2 R8xe7 26. dxe7 Re1+ 27. Kh2
Qxe7 28. Qf4 Bf5 29. g4 Be4 30. f3 Bd5 31. b3 Qe5 32. Qg3 Qe3 33. Qf2 Qf4+ 0-1

[Event "Back To School op"]
[Site "Edmonton CAN"]
[Date "2002.09.05"]
[Round "1"]
[White "Li, Zhichao"]
[Black "McIntosh, Danny"]
[Result "1-0"]
[WhiteElo "2116"]
[BlackElo "1756"]
[PlyCount "83"]
[EventDate "2002.09.05"]
[EventType "swiss"]
[EventRounds "4"]
[EventCountry "CAN"]

1. e4 c5 2. Nf3 Nc6 3. Bc4 e6 4. O-O d5 5. exd5 exd5 6. Re1+ Be7 7. Bb5 Nf6 8.
d4 O-O 9. c3 Bg4 10. Bg5 Re8 11. Nbd2 Ne4 12. Bxe7 Rxe7 13. Qa4 Qd6 14. Bxc6
bxc6 15. Nxe4 dxe4 16. Ne5 cxd4 17. Nxg4 Qf4 18. Qxc6 Rae8 19. Nh6+ gxh6 20.
cxd4 e3 21. fxe3 Rxe3 22. Qxe8+ Rxe8 23. Rxe8+ Kg7 24. Rd1 Kg6 25. Re2 Qd6 26.
a3 a5 27. h3 h5 28. Kh1 h4 29. d5 h5 30. Rc2 Kg5 31. Rc6 Qd7 32. d6 Kf4 33. Rc7
Qa4 34. Rxf7+ Ke5 35. Re7+ Kf5 36. Rf1+ Kg6 37. d7 Qc4 38. Ref7 Qd4 39. b4 a4
40. b5 Kg5 41. b6 Qxb6 42. R7f5+ 1-0